| 000 | 00514nam a2200169Ia 4500 | ||
|---|---|---|---|
| 008 | 230917s9999||||xx |||||||||||||| ||und|| | ||
| 020 | _cRS995 | ||
| 040 |
_e258329 _aMAIN |
||
| 041 | _aEnglish | ||
| 082 | _a327.54059 D954C | ||
| 100 | _aDutta, Achintya Kumar, ed. | ||
| 245 | 0 | _aConnecting nations: Politico-cultural mapping of India and South East Asia | |
| 260 |
_aDelhi _bPrimus Books _c2019 |
||
| 300 | _aviii, 213 p. | ||
| 500 | _a3860 18/12/2019 HBD19/7962 19/10/2019 Dr. Mangal Sen Chair | ||
| 942 | _cBK | ||
| 999 |
_c34048 _d34048 |
||